00758nam a2200205 a 4500008004100000020001500041050001900056100001900075245003900094250001200133260004800145300002000193350000900213500005100222650001200273700002200285995009300307999001700400952013500417120416s1984 ||||||||||||||||| || u a0697082466 aHF 5438.25 Man aReece, Barry L10aSelling today: a personal approach a2nd ed. aDubuque, Iowa:bW.C. Brown Publishersc1984 axvi, 506p.: ill a0.00 aIncludes bibliographical references and index. 0aSELLING aManning, Gerald L D0.00FCBU-MAIN LIBRARY (Kitwe)H1I30.00UAVAILABLEZMain Library Open Access Collection c57293d57293 00102lcc4070a001b001cMain Library Open Access Collectiond2022-11-30l0oHF 5438.25 Manp004972r2022-11-30w2022-11-30y002